| 000 | 00944cam a22002774a 4500 | ||
|---|---|---|---|
| 001 | 15211506 | ||
| 003 | EG-ScBUE | ||
| 005 | 20221101105143.0 | ||
| 008 | 080229s2008 gw a f b 000 0 eng d | ||
| 020 | _a9783938780312 | ||
| 035 | _a(GyWOH)har070066475 | ||
| 040 |
_aDLC _beng _erda _cDLC _dEG-ScBUE |
||
| 082 | 0 | 4 |
_222 _a721.0447 _bMAG |
| 245 | 0 | 0 |
_aMagic metal : _bBuildings of steel, aluminium, copper, and tin / _cProjects selected by Dirk Meyhofer. |
| 250 | _aFirst edition. | ||
| 264 | 1 |
_a[Berlin] : _bVerlagshaus Braun, _c2008. |
|
| 300 |
_a256 pages : _bcolor illustrations ; _c25 cm |
||
| 504 | _aIncludes bibliographical references. | ||
| 650 | 7 |
_aBuilding, Metal. _2BUEsh _96894 |
|
| 650 | 7 |
_aArchitecture, Modern _y21st century. _2BUEsh _96895 |
|
| 653 | _bENGARC | ||
| 655 | _vReading book | ||
| 700 | 1 |
_aMeyhofer, Dirk, _econtributor. _96896 |
|
| 942 |
_2ddc _cBB |
||
| 999 |
_c12022 _d12022 |
||